[Event "Titled Tuesday intern op 20th Jun Early"]
[Site "Chess.com INT"]
[Date "2023.06.20"]
[Round "9"]
[White "Budrewicz, Krzysztof"]
[Black "Atakhan, Abtin"]
[Result "0-1"]
[WhiteElo "2184"]
[BlackElo "2414"]
[PlyCount "122"]
[EventDate "2023.06.20"]
[EventType "swiss (blitz)"]
[EventRounds "11"]
[EventCountry "USA"]
[SourceTitle "EXT 2024"]
[Source "ChessBase"]
[SourceDate "2023.10.10"]
[SourceVersion "1"]
[SourceVersionDate "2023.10.10"]
[SourceQuality "1"]

1. d4 Nf6 2. c4 g6 3. Nc3 d5 4. Nf3 Bg7 5. cxd5 Nxd5 6. Bd2 0-0 7. e3 Nb6 8. Be2 N8d7 9. 0-0 c5 10. Rc1 cxd4 11. exd4 Nf6 12. Re1 Bf5 13. Bf4 Nfd5 14. Be5 Bh6 15. Ra1 Rc8 16. Qb3 Be6 17. Qa3 a6 18. Rad1 Nxc3 19. bxc3 Bc4 20. Bg3 Re8 21. Ne5 Bxe2 22. Rxe2 Bg7 23. Qb3 e6 24. Rb1 Nd5 25. c4 Ne7 26. Qxb7 Qxd4 27. Qxa6 Nf5 28. Nf3 Qd3 29. Ree1 Ra8 30. Qc6 Rec8 31. Qb7 Qxc4 32. Ng5 Nh6 33. h3 Qxa2 34. Red1 Qa6 35. Qd7 Qc6 36. Qe7 Re8 37. Qb4 Nf5 38. Bh2 h6 39. Nf3 Rec8 40. Bf4 g5 41. Be5 Bxe5 42. Nxe5 Qc7 43. Qe4 Ra5 44. Ng4 Kg7 45. Rb7 Qf4 46. Qd3 Rd5 47. Qe2 Rxd1+ 48. Qxd1 Rc1 49. Rb1 Rxd1+ 50. Rxd1 h5 51. Nh2 Nd4 52. Re1 Qd2 53. Rf1 Ne2+ 54. Kh1 Nd4 55. Kg1 f5 56. g3 g4 57. hxg4 hxg4 58. Kg2 Qe2 59. Ra1 Nc2 60. Ra7+ Kg6 61. Ra6 Ne3+ 0-1

[Event "Titled Tuesday intern op 20th Jun Early"]
[Site "Chess.com INT"]
[Date "2023.06.20"]
[Round "3"]
[White "Budrewicz, Krzysztof"]
[Black "Begunov, Konstantin"]
[Result "1-0"]
[WhiteElo "2184"]
[BlackElo "2325"]
[PlyCount "111"]
[EventDate "2023.06.20"]
[EventType "swiss (blitz)"]
[EventRounds "11"]
[EventCountry "USA"]
[SourceTitle "EXT 2024"]
[Source "ChessBase"]
[SourceDate "2023.10.10"]
[SourceVersion "1"]
[SourceVersionDate "2023.10.10"]
[SourceQuality "1"]

1. d4 d5 2. c4 c6 3. Nf3 Nf6 4. Nbd2 Bf5 5. Qb3 Qc7 6. Nh4 Bc8 7. g3 e6 8. Bg2 Be7 9. 0-0 0-0 10. Nhf3 Nbd7 11. a4 a5 12. Rd1 b6 13. Qc2 Ba6 14. b3 Bb4 15. Bb2 Rac8 16. Rac1 Qb8 17. Ne5 Nxe5 18. dxe5 Nd7 19. f4 Nc5 20. Bd4 Rfd8 21. Bf2 Bxd2 22. Rxd2 dxc4 23. Rxd8+ Rxd8 24. bxc4 Qc7 25. h4 h6 26. Bf3 Qd7 27. Be3 Qc7 28. Kf2 Qd7 29. Rb1 Qc7 30. Rd1 Rxd1 31. Qxd1 Qd7 32. Qxd7 Nxd7 33. Bxc6 Nc5 34. Bxc5 bxc5 35. Bb5 Bb7 36. g4 Kf8 37. f5 Ke7 38. Ke3 Bg2 39. Kf4 Bf1 40. e3 Be2 41. Ba6 Bd3 42. e4 Bc2 43. Bb5 Bd3 44. Ke3 Bf1 45. g5 Bh3 46. Kf4 Bg2 47. f6+ Kf8 48. h5 hxg5+ 49. Kxg5 Bxe4 50. fxg7+ Kxg7 51. h6+ Kh7 52. Kf6 Kxh6 53. Kxf7 Bf5 54. Kf6 Kh5 55. Bd7 Bc2 56. Kxe6 1-0